LEADER 00677nas a2200157 i 4500 001 000000018443 003 CaOOAMICUS 005 20180830125444.0 008 180830n it u0 ita u 040 $aSeMil$bita 245 10$aCattedra di filologia romanza dell'Università degli studi di Milano /$c[Diretto da] Antonio Viscardi. 260 $aMilano :$bCisalpino-Goliardica,$c[19--?] 300 $av. ;$c21 cm. 700 1 $aViscardi, Antonio,$d<1900-1972>.$0(OLS)http://semarc/name/3305 996 $6245$aCattedra di filologia romanza dell'Università degli studi di Milano$9(OLS)http://semarc/title/24284 996 $6260$aMilano :$bCisalpino-Goliardica$9(OLS)http://semarc/publisher/32009 LEADER 00671nam a2200181 i 4500 001 000000191369 003 CaOOAMICUS 005 20100727000000.0 008 100727s1962 it u000 u lat u 013 $a169894 040 $aSeMil$bita 100 1 $aMatteo : da Coronata .$0(OLS)http://semarc/name/10492 245 10$a3 :$bde processibus. 300 $a747 p. ;$c25 cm. 773 0 $aMatteo : da Coronata $tInstitutiones Iuris Canonici.$dTaurini ; Romae : Marietti, 1950.$g3$w()23561 850 $aSeMil 852 $aSeMil$W1$xVenegono$y1$m2H VII 4$j262639$B141983$CSeMilBibl$Z2$F153557 $81 996 $6245$a3 :$bde processibus$9(OLS)http://semarc/title/275731